Webster's universal dictionary of the English language; (Record no. 8248)
[ view plain ]
| 000 -LEADER | |
|---|---|
| fixed length control field | 01372cam a22003013 4500 |
| 001 - CONTROL NUMBER | |
| control field | 14692457 |
| 003 - CONTROL NUMBER IDENTIFIER | |
| control field | GBCCL |
| 005 - DATE AND TIME OF LATEST TRANSACTION | |
| control field | 20241126110646.0 |
| 008 - FIXED-LENGTH DATA ELEMENTS--GENERAL INFORMATION | |
| fixed length control field | 070110t19371936ohuab d 000 0 eng |
| 010 ## - | |
| -- | 96847603 |
| 040 ## - CATALOGING SOURCE | |
| Original cataloging agency | DLC |
| Transcribing agency | DLC |
| 050 00 - | |
| -- | PE1625 |
| -- | .W3 1937b |
| 082 ## - DEWEY DECIMAL CLASSIFICATION NUMBER | |
| Classification number | 423 |
| Item number | WEB |
| 100 1# - MAIN ENTRY--PERSONAL NAME | |
| Personal name | Webster, Noah, |
| Dates associated with a name | 1758-1843. |
| 9 (RLIN) | 14351 |
| 245 10 - TITLE STATEMENT | |
| Title | Webster's universal dictionary of the English language; |
| Remainder of title | with a comprehensive addendum of newest words |
| Statement of responsibility, etc. | compiled by Joseph Devlin; being the unabridged dictionary by Noah Webster, LL. D. Edited under the supervision of Thomas H. Russell, A.C. Bean, and L.B. Vaughn and a staff of eminent scholars, educators, and specialists. |
| 260 ## - PUBLICATION, DISTRIBUTION, ETC. | |
| Place of publication, distribution, etc. | Cleveland, |
| Name of publisher, distributor, etc. | World Syndicate, |
| Date of publication, distribution, etc. | 1937, c1936. |
| 300 ## - PHYSICAL DESCRIPTION | |
| Extent | 2 v. |
| Other physical details | illus., maps. |
| Dimensions | 29 cm. |
| 500 ## - GENERAL NOTE | |
| General note | "This dictionary is not published by the original publishers of Webster's dictionary or by their successors." |
| 650 #0 - SUBJECT ADDED ENTRY--TOPICAL TERM | |
| Topical term or geographic name entry element | English language |
| Form subdivision | Dictionaries. |
| 9 (RLIN) | 13776 |
| 700 1# - ADDED ENTRY--PERSONAL NAME | |
| Personal name | Russell, Thomas Herbert, |
| Dates associated with a name | 1862-1947, |
| Relator term | ed. |
| 9 (RLIN) | 14352 |
| 700 1# - ADDED ENTRY--PERSONAL NAME | |
| Personal name | Bean, Albert C., [from old catalog] |
| Relator term | joint ed. |
| 9 (RLIN) | 14353 |
| 700 1# - ADDED ENTRY--PERSONAL NAME | |
| Personal name | Vaughn, L. Brent, |
| Dates associated with a name | 1873- [from old catalog] |
| Relator term | joint ed. |
| 9 (RLIN) | 14354 |
| 700 1# - ADDED ENTRY--PERSONAL NAME | |
| Personal name | Devlin, Joseph. |
| 9 (RLIN) | 14355 |
| 906 ## - LOCAL DATA ELEMENT F, LDF (RLIN) | |
| a | 0 |
| b | cbc |
| c | premver |
| d | u |
| e | ncip |
| f | 19 |
| g | y-gencatlg |
| 942 ## - ADDED ENTRY ELEMENTS (KOHA) | |
| Source of classification or shelving scheme | Dewey Decimal Classification |
| Koha item type | Reference Books |
| Withdrawn status | Lost status | Source of classification or shelving scheme | Damaged status | Not for loan | Home library | Current Library | Shelving location | Date acquired | Total checkouts | Full call number | Barcode | Date last seen | Copy number | Price effective from | Koha item type |
|---|---|---|---|---|---|---|---|---|---|---|---|---|---|---|---|
| Dewey Decimal Classification | GRACE BIBLE COLLEGE | GRACE BIBLE COLLEGE | Dictionary | 2019-08-07 | 423 WEB | 004579 | 2025-05-01 | v.1 | 2019-08-07 | Reference Books | |||||
| Dewey Decimal Classification | GRACE BIBLE COLLEGE | GRACE BIBLE COLLEGE | Dictionary | 2019-08-07 | 423 WEB | 004581 | 2025-05-01 | v.2 | 2019-08-07 | Reference Books |